[Event "SVK-chT3B2 2122"]
[Site "Slovakia"]
[Date "2022.05.22"]
[Round "11.5"]
[White "Gajdos, Marek"]
[Black "Huliak, Pavol"]
[Result "1/2-1/2"]
[WhiteElo "1610"]
[BlackElo "1778"]
[PlyCount "33"]
[EventDate "2021.10.24"]
[EventType "team-tourn"]
[EventRounds "11"]
[EventCountry "SVK"]
[SourceTitle "EXT 2024"]
[Source "ChessBase"]
[SourceDate "2023.10.10"]
[SourceVersion "1"]
[SourceVersionDate "2023.10.10"]
[SourceQuality "1"]
[WhiteTeam "Chynorany"]
[BlackTeam "Bojnice"]
[WhiteTeamCountry "SVK"]
[BlackTeamCountry "SVK"]

1. d4 e6 2. c4 Nf6 3. a3 d5 4. Nc3 c6 5. Bf4 Nbd7 6. Nf3 dxc4 7. e4 Nb6 8. Ne5 Bd6 9. Bg5 Bxe5 10. dxe5 Qxd1+ 11. Rxd1 Nfd7 12. Bh4 f6 13. exf6 gxf6 14. Be2 Kf7 15. 0-0 Nc5 16. f4 Nb3 17. e5 1/2-1/2

[Event "SVK-chT3B2 2122"]
[Site "Slovakia"]
[Date "2021.10.24"]
[Round "1.7"]
[White "Huliak, Pavol"]
[Black "Matejka, Peter"]
[Result "1-0"]
[WhiteElo "1778"]
[BlackElo "1574"]
[PlyCount "135"]
[EventDate "2021.10.24"]
[EventType "team-tourn"]
[EventRounds "11"]
[EventCountry "SVK"]
[SourceTitle "EXT 2023"]
[Source "ChessBase"]
[SourceDate "2022.10.05"]
[SourceVersion "1"]
[SourceVersionDate "2022.10.05"]
[SourceQuality "1"]
[WhiteTeam "Bojnice"]
[BlackTeam "Nemsova Horne Srnie"]
[WhiteTeamCountry "SVK"]
[BlackTeamCountry "SVK"]

1. d4 d5 2. Nf3 e6 3. g3 Nf6 4. Bg2 Be7 5. 0-0 Nbd7 6. e3 0-0 7. b3 c6 8. Bb2 Qc7 9. Nbd2 Bd6 10. c4 b6 11. Re1 Bb4 12. a3 Bxd2 13. Nxd2 Bb7 14. Rc1 Qd8 15. f4 h6 16. h4 Nh7 17. e4 Rc8 18. e5 c5 19. cxd5 exd5 20. Nf1 Re8 21. Ne3 Ndf8 22. dxc5 bxc5 23. Nxd5 Bxd5 24. Qxd5 Qb6 25. Qc4 Ne6 26. Bd5 Re7 27. Bxe6 Rxe6 28. Kh2 Nf8 29. f5 Rec6 30. Re4 Rd8 31. Qc3 Rc7 32. e6 fxe6 33. f6 Rdd7 34. Rg4 c4 35. Rf1 cxb3 36. f7+ Rxf7 37. Rxf7 Kxf7 38. Qf3+ Ke8 39. Qa8+ Ke7 40. Rxg7+ Kd6 41. Qxf8+ Kd5 42. Qf3+ Kd6 43. Qd3+ Kc6 44. Qe4+ Kb5 45. Qe5+ Rc5 46. Qe2+ Rc4 47. Rg4 Qc6 48. a4+ Kb4 49. Ba3+ Kxa3 50. Rxc4 Qxc4 51. Qxc4 b2 52. Qc2 Ka2 53. g4 Ka1 54. g5 hxg5 55. hxg5 b1Q 56. Qxb1+ Kxb1 57. g6 Kb2 58. g7 Ka3 59. a5 Ka4 60. a6 Ka5 61. g8Q Kxa6 62. Qxe6+ Kb5 63. Qa2 a5 64. Kg2 a4 65. Kf2 Kb4 66. Ke2 a3 67. Kd2 Ka4 68. Kc3 1-0

[Event "SVK-chT2B 1819"]
[Site "Slovakia"]
[Date "2019.04.07"]
[Round "11.7"]
[White "Kostelansky, Karol"]
[Black "Huliak, Pavol"]
[Result "1-0"]
[WhiteElo "1720"]
[BlackElo "1856"]
[PlyCount "51"]
[EventDate "2018.10.13"]
[EventType "team-tourn"]
[EventRounds "11"]
[EventCountry "SVK"]
[SourceTitle "EXT 2020"]
[Source "ChessBase"]
[SourceDate "2019.10.17"]
[SourceVersion "1"]
[SourceVersionDate "2019.10.17"]
[SourceQuality "1"]
[WhiteTeam "Povazske Podhradie"]
[BlackTeam "Prievidza"]
[WhiteTeamCountry "SVK"]
[BlackTeamCountry "SVK"]

1. e4 d5 2. exd5 Qxd5 3. Nc3 Qa5 4. d4 c6 5. Bd3 Nf6 6. h3 e6 7. Nge2 Be7 8. Bf4 Nbd7 9. 0-0 0-0 10. Ng3 Re8 11. Qe2 Nf8 12. Nge4 Ng6 13. Bd6 Qd8 14. Bxe7 Qxe7 15. f4 Kh8 16. Rae1 Ng8 17. Ng5 f5 18. Bxf5 Nf8 19. Bd3 Nh6 20. Kh1 Bd7 21. Qh5 Qf6 22. Ne2 Ng6 23. c3 Nf8 24. Ng3 Nf5 25. N3e4 Qh6 26. Nf7+ 1-0

[Event "SVK-chT3B2 1819"]
[Site "Slovakia"]
[Date "2019.01.27"]
[Round "6.3"]
[White "Huliak, Pavol"]
[Black "Sliva, Frantisek"]
[Result "1/2-1/2"]
[WhiteElo "1854"]
[BlackElo "1755"]
[PlyCount "61"]
[EventDate "2018.10.21"]
[EventType "team-tourn"]
[EventRounds "11"]
[EventCountry "SVK"]
[SourceTitle "CBM 189 Extra"]
[Source "ChessBase"]
[SourceDate "2019.06.03"]
[SourceVersion "1"]
[SourceVersionDate "2019.06.03"]
[SourceQuality "1"]
[WhiteTeam "Bojnice"]
[BlackTeam "Dubnica nad Vahom  III"]
[WhiteTeamCountry "SVK"]
[BlackTeamCountry "SVK"]

1. c4 Nf6 2. Nc3 e6 3. d4 d5 4. Bg5 Be7 5. Nf3 Nbd7 6. e3 0-0 7. Bd3 b6 8. cxd5 Nxd5 9. Bxe7 Qxe7 10. 0-0 Bb7 11. Re1 c5 12. a4 a6 13. Ne2 Rfd8 14. Ng3 Nb4 15. Bb1 Nf6 16. Ne5 Nc6 17. Qb3 Nb4 18. dxc5 Qxc5 19. Qc3 Qd5 20. e4 Qd6 21. Nc4 Qc5 22. Ne3 Qe7 23. Nc2 Nd3 24. Re3 Rac8 25. Qb3 Nc5 26. Qxb6 Ncxe4 27. Re1 Nxg3 28. hxg3 Rc6 29. Qb4 Qc7 30. Ne3 Rb6 31. Qc3 1/2-1/2

[Event "SVK-chT2B 1819"]
[Site "Slovakia"]
[Date "2018.11.17"]
[Round "3.8"]
[White "Huliak, Pavol"]
[Black "Sopko, Rudolf"]
[Result "1-0"]
[WhiteElo "1828"]
[BlackElo "1749"]
[PlyCount "97"]
[EventDate "2018.10.13"]
[EventType "team-tourn"]
[EventRounds "11"]
[EventCountry "SVK"]
[SourceTitle "CBM 187 Extra"]
[Source "ChessBase"]
[SourceDate "2018.11.04"]
[SourceVersion "1"]
[SourceVersionDate "2018.11.04"]
[SourceQuality "1"]
[WhiteTeam "Prievidza"]
[BlackTeam "Trencin"]
[WhiteTeamCountry "SVK"]
[BlackTeamCountry "SVK"]

1. d4 Nf6 2. c4 d5 3. Nc3 c6 4. e3 e6 5. Nf3 Bb4 6. Bd2 0-0 7. Bd3 Nbd7 8. a3 Bxc3 9. Bxc3 a5 10. Qc2 h6 11. 0-0 Qc7 12. b4 dxc4 13. Bxc4 Nb6 14. Bd3 Nbd5 15. Bd2 axb4 16. axb4 Bd7 17. Ne5 Rfc8 18. e4 Nb6 19. g4 Rxa1 20. Rxa1 Be8 21. h3 Nfd7 22. Nf3 f6 23. Kg2 e5 24. Ra5 Bf7 25. Be3 Qd6 26. Qc3 Ra8 27. dxe5 fxe5 28. Bxb6 Nxb6 29. Rxa8+ Nxa8 30. Nxe5 Be6 31. Qc5 Qxc5 32. bxc5 Nc7 33. f4 Kf8 34. Kf3 Ke7 35. Ke3 Ne8 36. f5 Bb3 37. Bc4 Ba4 38. Be6 Bb5 39. Ng6+ Kd8 40. Kd4 Bf1 41. Nf4 Ke7 42. e5 Nc7 43. Bc4 Bxc4 44. Kxc4 Na6 45. h4 Nb8 46. e6 Na6 47. Kd4 Kf6 48. Nh5+ Ke7 49. Nxg7 1-0

[Event "SVK-chT3B2 1718"]
[Site "Slovakia"]
[Date "2017.11.19"]
[Round "4.3"]
[White "Krajcovic, Miroslav"]
[Black "Huliak, Pavol"]
[Result "1/2-1/2"]
[WhiteElo "1740"]
[BlackElo "1930"]
[PlyCount "50"]
[EventDate "2017.10.08"]
[EventType "team-tourn"]
[EventRounds "11"]
[EventCountry "SVK"]
[SourceTitle "EXT 2019"]
[Source "ChessBase"]
[SourceDate "2018.10.10"]
[SourceVersion "1"]
[SourceVersionDate "2018.10.10"]
[SourceQuality "1"]
[WhiteTeam "Povazske Podhradie II"]
[BlackTeam "Bojnice"]
[WhiteTeamCountry "SVK"]
[BlackTeamCountry "SVK"]

1. e4 d5 2. exd5 Qxd5 3. Nf3 Bf5 4. Nc3 Qd8 5. d4 e6 6. Bd3 Bxd3 7. Qxd3 c6 8. Bf4 Nf6 9. a3 Nbd7 10. h3 g6 11. 0-0 Bg7 12. Rad1 0-0 13. Rfe1 Nb6 14. Bg5 Qc7 15. Ne4 Nxe4 16. Qxe4 Nc4 17. Bc1 b5 18. c3 a5 19. Bf4 Qc8 20. Qc2 Rd8 21. Re2 Rd5 22. Ra1 a4 23. Rae1 Qd7 24. Ne5 Bxe5 25. Bxe5 Nxe5 1/2-1/2

[Event "SVK-chT3B2 1617"]
[Site "Slovakia"]
[Date "2017.02.19"]
[Round "8.2"]
[White "Kijac, Miroslav"]
[Black "Huliak, Pavol"]
[Result "1-0"]
[WhiteElo "2102"]
[BlackElo "1965"]
[PlyCount "53"]
[EventDate "2016.10.16"]
[EventType "team-tourn"]
[EventRounds "11"]
[EventCountry "SVK"]
[SourceTitle "EXT 2020"]
[Source "ChessBase"]
[SourceDate "2019.10.17"]
[SourceVersion "1"]
[SourceVersionDate "2019.10.17"]
[SourceQuality "1"]
[WhiteTeam "Nemsova Horne Srnie"]
[BlackTeam "Bojnice"]
[WhiteTeamCountry "SVK"]
[BlackTeamCountry "SVK"]

1. d4 f5 2. Nc3 Nf6 3. Bg5 e6 4. e4 fxe4 5. Nxe4 Be7 6. Bxf6 Bxf6 7. Nf3 d5 8. Nxf6+ Qxf6 9. Bd3 Nc6 10. 0-0 Bd7 11. c3 0-0 12. Qc2 Qh6 13. Rfe1 Rf4 14. Ne5 Nxe5 15. Rxe5 Rh4 16. h3 Rf8 17. Rae1 g5 18. Qd2 Rhf4 19. g3 R4f6 20. Rxg5+ Kh8 21. h4 Be8 22. Qe3 Bg6 23. Bxg6 hxg6 24. f4 Kh7 25. Re5 Rxf4 26. gxf4 Qxh4 27. Re2 1-0

[Event "SVK-chT3B2 1617"]
[Site "Slovakia"]
[Date "2017.01.29"]
[Round "7.1"]
[White "Bielik, Jakub"]
[Black "Huliak, Pavol"]
[Result "0-1"]
[WhiteElo "1869"]
[BlackElo "1965"]
[PlyCount "62"]
[EventDate "2016.10.16"]
[EventType "team-tourn"]
[EventRounds "11"]
[EventCountry "SVK"]
[SourceTitle "EXT 2018"]
[Source "ChessBase"]
[SourceDate "2017.10.13"]
[SourceVersion "1"]
[SourceVersionDate "2017.10.13"]
[SourceQuality "1"]
[WhiteTeam "Povazske Podhradie II"]
[BlackTeam "Bojnice"]
[WhiteTeamCountry "SVK"]
[BlackTeamCountry "SVK"]

1. e4 c5 2. Nc3 Nc6 3. Bb5 Nd4 4. Bc4 e6 5. Nge2 Qc7 6. d3 a6 7. a4 g6 8. Bf4 d6 9. Qd2 Bg7 10. a5 Bd7 11. Nxd4 cxd4 12. Na4 Bxa4 13. Rxa4 Ne7 14. Qb4 e5 15. Bd2 0-0 16. 0-0 Kh8 17. f4 Nc6 18. Qb3 Bh6 19. Bd5 Qd7 20. Raa1 Rac8 21. Rad1 Rc7 22. Bxc6 Qxc6 23. f5 Be3+ 24. Bxe3 dxe3 25. Rc1 Qc5 26. Rfe1 gxf5 27. Qb6 f4 28. Qxc5 Rxc5 29. b4 Rc3 30. Re2 Rfc8 31. g3 Rxd3 0-1

[Event "SVK-chT3B2 1617"]
[Site "Slovakia"]
[Date "2016.11.27"]
[Round "4.2"]
[White "Urbanic, Martin"]
[Black "Huliak, Pavol"]
[Result "1-0"]
[WhiteElo "2000"]
[BlackElo "1965"]
[PlyCount "89"]
[EventDate "2016.10.16"]
[EventType "team-tourn"]
[EventRounds "11"]
[EventCountry "SVK"]
[SourceTitle "EXT 2018"]
[Source "ChessBase"]
[SourceDate "2017.10.13"]
[SourceVersion "1"]
[SourceVersionDate "2017.10.13"]
[SourceQuality "1"]
[WhiteTeam "Povazska Bystrica Sparta III"]
[BlackTeam "Bojnice"]
[WhiteTeamCountry "SVK"]
[BlackTeamCountry "SVK"]

1. e4 c5 2. c4 Nc6 3. Nc3 g6 4. g3 Bg7 5. Bg2 d6 6. Nge2 Bg4 7. h3 Bd7 8. 0-0 e6 9. d3 Nge7 10. f4 f5 11. Rb1 a6 12. Kh2 0-0 13. exf5 gxf5 14. b3 Qc7 15. Be3 Nd4 16. Bf2 Kh8 17. Nxd4 cxd4 18. Ne2 e5 19. Ng1 Rf6 20. Re1 Bc6 21. Nf3 Ng6 22. Qd2 Re8 23. Re2 Bh6 24. Ng5 Bxg2 25. Kxg2 Ref8 26. h4 Bg7 27. Rbe1 Qc6+ 28. Kh2 h6 29. Nh3 R6f7 30. h5 Ne7 31. Bxd4 e4 32. dxe4 fxe4 33. g4 d5 34. cxd5 Nxd5 35. Rxe4 Nf6 36. Bxf6 Qxf6 37. Kg3 Rc7 38. f5 Rc3+ 39. R1e3 Qc6 40. Rxc3 Qxe4 41. Rc4 Qe5+ 42. Nf4 Re8 43. Kf3 Kh7 44. Ne6 Re7 45. Nxg7 1-0

[Event "SVK-chT2B 1516"]
[Site "Slovakia"]
[Date "2015.12.05"]
[Round "5.4"]
[White "Chlpik, Martin"]
[Black "Huliak, Pavol"]
[Result "0-1"]
[WhiteElo "2172"]
[BlackElo "1981"]
[PlyCount "64"]
[EventDate "2015.10.17"]
[EventType "team-tourn"]
[EventRounds "11"]
[EventCountry "SVK"]
[SourceTitle "EXT 2019"]
[Source "ChessBase"]
[SourceDate "2018.10.10"]
[SourceVersion "1"]
[SourceVersionDate "2018.10.10"]
[SourceQuality "1"]
[WhiteTeam "Topolciansky CVC"]
[BlackTeam "Bojnice SK PRM"]
[WhiteTeamCountry "SVK"]
[BlackTeamCountry "SVK"]

1. d4 d5 2. Nf3 Nf6 3. Bf4 e6 4. e3 c5 5. Be2 Nc6 6. h3 Be7 7. c3 0-0 8. Nbd2 c4 9. b3 b5 10. a4 b4 11. bxc4 bxc3 12. Nb1 Bb4 13. 0-0 dxc4 14. Bxc4 Na5 15. Bd3 Bb7 16. Na3 Rc8 17. Qb1 Bxa3 18. Rxa3 Bxf3 19. gxf3 g6 20. Rc1 Nd5 21. Bg3 Qe7 22. Qa1 f5 23. e4 f4 24. Bh2 Qg5+ 25. Kf1 Ne3+ 26. fxe3 fxe3 27. Be2 Qh4 28. Bg1 Qxh3+ 29. Ke1 Qh1 30. Kf1 Rxf3+ 31. Bxf3 Qxf3+ 32. Ke1 Rf8 0-1

[Event "SVK-chT2B 1415"]
[Site "Slovakia"]
[Date "2015.02.15"]
[Round "9.3"]
[White "Huliak, Pavol"]
[Black "Chlpik, Martin"]
[Result "1/2-1/2"]
[WhiteElo "2059"]
[BlackElo "2072"]
[PlyCount "118"]
[EventDate "2014.10.11"]
[EventType "team-tourn"]
[EventRounds "11"]
[EventCountry "SVK"]
[SourceTitle "EXT 2019"]
[Source "ChessBase"]
[SourceDate "2018.10.10"]
[SourceVersion "1"]
[SourceVersionDate "2018.10.10"]
[SourceQuality "1"]
[WhiteTeam "Bojnice SK PRM"]
[BlackTeam "Levice"]
[WhiteTeamCountry "SVK"]
[BlackTeamCountry "SVK"]

1. d4 Nf6 2. c4 c5 3. d5 e6 4. Nc3 exd5 5. cxd5 Bd6 6. g3 0-0 7. Bg2 Re8 8. Bg5 h6 9. Bxf6 Qxf6 10. e3 Bf8 11. Nge2 d6 12. 0-0 Nd7 13. a4 Ne5 14. Nc1 a6 15. a5 Bd7 16. Nb3 h5 17. h3 h4 18. g4 Qh6 19. Nd2 f5 20. g5 Qh7 21. f4 Ng4 22. hxg4 fxg4 23. Be4 Qh5 24. Nc4 Bb5 25. b3 h3 26. Qe1 Re7 27. Nxb5 axb5 28. Nd2 Rae8 29. Bf5 Rxe3 30. Be6+ R8xe6 31. dxe6 h2+ 32. Kh1 Rxe1 33. Raxe1 Be7 34. Re3 d5 35. Rg3 Qh4 36. Kg2 Bd6 37. e7 Bxe7 38. Rh1 Bd6 39. Rxh2 Qxh2+ 40. Kxh2 Bxf4 41. Kg2 Bxg3 42. Kxg3 c4 43. bxc4 bxc4 44. Kxg4 c3 45. Nb3 Kf7 46. Nd4 Kg6 47. Kf4 Kh5 48. Kf5 Kh4 49. g6 Kh5 50. Nc2 Kh6 51. Ke5 Kxg6 52. Kxd5 Kf5 53. Kd4 g5 54. Ne3+ Kf4 55. Nd5+ Kf3 56. Nxc3 g4 57. Ne4 Kf4 58. Kd5 Kf5 59. Kd4 Kf4 1/2-1/2

[Event "SVK-chT2B 1415"]
[Site "Slovakia"]
[Date "2014.12.06"]
[Round "5.2"]
[White "Huliak, Pavol"]
[Black "Frajka, Peter"]
[Result "1/2-1/2"]
[WhiteElo "2059"]
[BlackElo "1827"]
[PlyCount "90"]
[EventDate "2014.10.11"]
[EventType "team-tourn"]
[EventRounds "11"]
[EventCountry "SVK"]
[SourceTitle "EXT 2019"]
[Source "ChessBase"]
[SourceDate "2018.10.10"]
[SourceVersion "1"]
[SourceVersionDate "2018.10.10"]
[SourceQuality "1"]
[WhiteTeam "Bojnice SK PRM"]
[BlackTeam "Topolcianky SK"]
[WhiteTeamCountry "SVK"]
[BlackTeamCountry "SVK"]

1. d4 d5 2. c4 e6 3. e3 Nf6 4. Nf3 Be7 5. Nc3 0-0 6. Bd3 dxc4 7. Bxc4 b6 8. Qe2 c5 9. dxc5 Bxc5 10. 0-0 Bb7 11. e4 h6 12. a3 Nc6 13. Be3 Be7 14. Rfd1 Qc8 15. Bf4 Rd8 16. Rac1 Rxd1+ 17. Rxd1 Qf8 18. e5 Ne8 19. Rd7 Bc8 20. Rd2 Bb7 21. Bd3 Rd8 22. Qe4 g6 23. Qa4 a6 24. Qc2 Qg7 25. Be4 f5 26. Bxc6 Bxc6 27. Nd4 Bd7 28. Qd1 g5 29. Nxe6 Bxe6 30. Rxd8 Kf7 31. Be3 Bxd8 32. Qxd8 Qxe5 33. Qxb6 f4 34. Qd4 Qxd4 35. Bxd4 Nd6 36. Na4 Bc8 37. f3 h5 38. Nb6 Be6 39. Kf2 Kg6 40. Na4 Bc8 41. Nc5 Kf5 42. Bc3 Nc4 43. a4 Ne3 44. Bd4 Nc2 45. Bc3 Ne3 1/2-1/2

[Event "SVK-chT2B 1213"]
[Site "Slovakia"]
[Date "2013.03.17"]
[Round "11.5"]
[White "Beres, Dominik"]
[Black "Huliak, Pavol"]
[Result "1-0"]
[WhiteElo "2099"]
[BlackElo "2116"]
[PlyCount "39"]
[EventDate "2012.10.13"]
[EventType "team-tourn"]
[EventRounds "11"]
[EventCountry "SVK"]
[SourceTitle "EXT 2015"]
[Source "ChessBase"]
[SourceDate "2014.11.20"]
[SourceVersion "1"]
[SourceVersionDate "2014.11.20"]
[SourceQuality "1"]
[WhiteTeam "Tlmace"]
[BlackTeam "Bojnice"]
[WhiteTeamCountry "SVK"]
[BlackTeamCountry "SVK"]

1. e4 c5 2. Nf3 Nc6 3. d4 cxd4 4. Nxd4 d6 5. Bc4 Nf6 6. Nc3 Bg4 7. f3 Bd7 8. Be3 Rc8 9. 0-0 Ne5 10. Bb3 a6 11. Qe2 g6 12. h3 Bg7 13. f4 Nc6 14. e5 0-0 15. exf6 Bxf6 16. Rad1 Nxd4 17. Bxd4 Bxd4+ 18. Rxd4 Qb6 19. Qf2 e6 20. Ne4 1-0

[Event "SVK-chT2B 1213"]
[Site "Slovakia"]
[Date "2013.03.16"]
[Round "10.5"]
[White "Huliak, Pavol"]
[Black "Tomka, Jan"]
[Result "1/2-1/2"]
[WhiteElo "2116"]
[BlackElo "2083"]
[PlyCount "73"]
[EventDate "2012.10.13"]
[EventType "team-tourn"]
[EventRounds "11"]
[EventCountry "SVK"]
[SourceTitle "EXT 2015"]
[Source "ChessBase"]
[SourceDate "2014.11.20"]
[SourceVersion "1"]
[SourceVersionDate "2014.11.20"]
[SourceQuality "1"]
[WhiteTeam "Bojnice"]
[BlackTeam "Topolcianky"]
[WhiteTeamCountry "SVK"]
[BlackTeamCountry "SVK"]

1. d4 e6 2. c4 Bb4+ 3. Bd2 Bxd2+ 4. Qxd2 Nf6 5. Nc3 0-0 6. e4 d5 7. e5 Ne4 8. Nxe4 dxe4 9. g3 c5 10. Bg2 Nc6 11. Bxe4 Nxd4 12. Ne2 f6 13. Nxd4 cxd4 14. 0-0 fxe5 15. Qd3 h6 16. b4 Qc7 17. a4 Rb8 18. Ra2 b6 19. f3 a5 20. b5 Qc5 21. Raf2 Bb7 22. Re1 Rfc8 23. Bxb7 Rxb7 24. Qe4 Rbc7 25. f4 Qxc4 26. Qxe5 d3 27. Qd6 Qd5 28. Qxe6+ Qxe6 29. Rxe6 Rd7 30. Rd2 Rc2 31. Rd1 Rd4 32. Rxb6 Rxa4 33. Rd6 Rb4 34. R6xd3 Rxb5 35. R3d2 Rc4 36. Ra2 a4 37. Rda1 1/2-1/2